Superheroes Without 'Sporcle' Quiz Stats

 Plays Quiz Updated Feb 27, 2016

Challenge
Share
Tweet
Embed
Score 0/24 Timer 05:00
0 Plays Today
Superhero Without Letters Superhero % Correct
W_ND_ _  W_MANWonder Woman
97.3%
_ _ID_ _-MANSpider-Man
96.6%
_A_TAIN  AM_ _I_ACaptain America
95.7%
I_ _N  MANIron Man
95.3%
TH_  HU_KThe Hulk
91.9%
INVI_IB_ _  W_MANInvisible Woman
90.8%
W_ _V_ _IN_Wolverine
87.6%
HUMAN  T_ _ _HHuman Torch
84.9%
_A_TAIN  MA_V_ _Captain Marvel
84.5%
DA_ _D_VI_Daredevil
75.3%
G_ _ _N  A_ _ _WGreen Arrow
72.7%
_U_ _ _MANSuperman
70.1%
Superhero Without Letters Superhero % Correct
G_ _ _N  _ANT_ _NGreen Lantern
69.8%
_YB_ _GCyborg
60.4%
I_ _MANIceman
60.2%
B_A_K   _ANA_YBlack Canary
58.3%
_ _BINRobin
56.9%
D_ _T_ _   _T_ANG_Doctor Strange
54.3%
_ _ _F_ _ _ _ _  XProfessor X
53.4%
B_U_  B_ _T_ _Blue Beetle
28.2%
_Y_ _ _ _ _Cyclops
27.8%
B_ _ _T_ _  G_ _DBooster Gold
21.7%
FI_ _ _T_ _MFirestorm
15.2%
_ _Y_ _ _K_Psylocke
10%

You're not logged in!

Compare scores with friends on all Sporcle quizzes.
Join for Free
OR
Log In

You Might Also Like...

Show Comments

Extras

Top Quizzes Today


Score Distribution

Your Account Isn't Verified!

In order to create a playlist on Sporcle, you need to verify the email address you used during registration. Go to your Sporcle Settings to finish the process.

Report this User

Report this user for behavior that violates our Community Guidelines.

Details: